000 00345nam a22001217a 4500
082 _a220 PRO
100 _aSAJID,ABDUSAMED,OWAIS
_971898
245 _aPR-SOF-1376-DESIGN AND DEVELOPMENT OF ENERGY RECOVERY VENTILATOR
260 _aISLAMABAD
_bNUST COLLEGE OF EME
_c2014
650 _aDE-MECH-32
700 _aDR ABDUL WAHEED
_916525
942 _cCR
999 _c578167
_d578167